000 00555nam a2200181Ia 4500
008 191130s2009##################000#0#eng##
020 _a9781845425265
022 _a2009922750
040 _aACL
_cACL
082 _a338.6048 KAR
245 _aInnovation, agglomeration and regional competition
_c[edited by] Charlie Karlsson, Borje Johansson
260 _aCheltenham, UK ; Northampton, MA
_bEdward Elgar
_c2009
300 _a404 p.; 23 cm
650 _aEconomics
990 _a90bf5cd7ac10000c1cbeb9de81c46559
991 _a204220
999 _c215544
_d215544